Artist, the ruler : (Record no. 8703)
[ view plain ]
| 000 -LEADER | |
|---|---|
| fixed length control field | 00985nam a22002652 4500 |
| 001 - CONTROL NUMBER | |
| control field | 0000018898 |
| 005 - DATE AND TIME OF LATEST TRANSACTION | |
| control field | 20151217152139.0 |
| 008 - FIXED-LENGTH DATA ELEMENTS--GENERAL INFORMATION | |
| fixed length control field | 100812s xx 000 0 eng d |
| 040 ## - CATALOGING SOURCE | |
| Original cataloging agency | KABU |
| Transcribing agency | KABU |
| 100 1# - MAIN ENTRY--PERSONAL NAME | |
| Personal name | p'Bitek, Okot. |
| -- | 0000152121 |
| 245 10 - TITLE STATEMENT | |
| Title | Artist, the ruler : |
| Remainder of title | essays on art, culture and values / |
| Statement of responsibility, etc. | Okot pBitek. |
| 250 ## - EDITION STATEMENT | |
| Edition statement | 1st ed. |
| 260 ## - PUBLICATION, DISTRIBUTION, ETC. (IMPRINT) | |
| Place of publication, distribution, etc. | Nairobi : |
| Name of publisher, distributor, etc. | E. A. E. P., |
| Date of publication, distribution, etc. | 1986. |
| 300 ## - PHYSICAL DESCRIPTION | |
| Extent | viii, 134 p. |
| 650 #0 - SUBJECT ADDED ENTRY--TOPICAL TERM | |
| Topical term or geographic name as entry element | Aesthetics, African. |
| -- | 0000178362 |
| 650 #0 - SUBJECT ADDED ENTRY--TOPICAL TERM | |
| Topical term or geographic name as entry element | Missions |
| Geographic subdivision | Africa, Sub-Saharan. |
| -- | 0000178363 |
| 651 #0 - SUBJECT ADDED ENTRY--GEOGRAPHIC NAME | |
| Geographic name | Africa, Sub-Saharan |
| General subdivision | Religion. |
| -- | 0000150985 |
| 852 1# - LOCATION | |
| -- | p395 KES |
| 852 1# - LOCATION | |
| -- | p395 KES |
| 852 1# - LOCATION | |
| -- | p395 KES |
| 852 1# - LOCATION | |
| -- | p395 KES |
| 852 1# - LOCATION | |
| -- | p395 KES |
| 908 ## - PUT COMMAND PARAMETER (RLIN) | |
| Put command parameter | 100812 |
| 950 ## - LOCAL HOLDINGS (RLIN) | |
| -- | 1 |
| Withdrawn status | Lost status | Source of classification or shelving scheme | Not for loan | Home library | Current library | Date acquired | Total Checkouts | Full call number | Barcode | Date last seen | Price effective from | Koha item type | Date last checked out |
|---|---|---|---|---|---|---|---|---|---|---|---|---|---|
| Library of Congress Classification | Kabarak, Main Campus | Kabarak, Main Campus | 17/12/2015 | BH221 .A35P35 1986 c. 2 | 24369 | 02/08/2024 | 17/12/2015 | General Collection | |||||
| Library of Congress Classification | Kabarak, Main Campus | Kabarak, Main Campus | 17/12/2015 | BH221 .A35P35 1986 c. 3 | 24479 | 17/12/2015 | 17/12/2015 | General Collection | |||||
| Library of Congress Classification | Kabarak, Main Campus | Kabarak, Main Campus | 17/12/2015 | BH221 .A35P35 1986 c. 4 | 24371 | 02/08/2024 | 17/12/2015 | General Collection | |||||
| Library of Congress Classification | Kabarak, Main Campus | Kabarak, Main Campus | 17/12/2015 | BH221 .A35P35 1986 c. 5 | 24372 | 02/08/2024 | 17/12/2015 | General Collection | |||||
| Library of Congress Classification | Kabarak, Main Campus | Kabarak, Main Campus | 17/12/2015 | 3 | BH221 .A35P35 1986 c. 6 | 24480 | 02/08/2024 | 17/12/2015 | General Collection | 14/08/2019 |